Mechanika tekutín [a] termomechanika zbierka príkladov

Bibliographic Details
Main Authors: Taraba, Bohumil (Author), Behúlová, Mária, 1963- (Author), Kraváriková, Helena, 1959- (Author)
Format: Book
Language:Slovak
PhysicalDescription:235 strán schémy, tabuľky 29 cm
Published: V Bratislave Slovenská technická univerzita 2002
ISBN:8022717290
Edition:1. vydanie
Series:Edícia učebníc
Subjects:

MARC

LEADER 00000cam a2200000 a 4500
001 vtls001449572
003 SK-MaSNL
005 20260301013804.0
008 240226s2002 xo l ern p 000 0 slo
015 |a SNBA2003/09-03433 
020 |a 8022717290 
035 |a SNK000404852 
035 |a urn:nbn:sk:snk-am3j0qb 
035 |a 34A506DD-33E4-406F-9467-ECAD770E63AA 
035 |a urn:nbn:sk:snk-am00ggi8 
040 |a SNK  |b slo  |c SNK  |e AACR2 
041 0 |a slo 
044 |a xo  |c SK 
072 7 |a 532  |x Mechanika tekutín všeobecne. Mechanika kvapalín  |2 konspekt 
072 7 |a 536  |x Teplo. Termodynamika  |2 konspekt 
080 |a 532  |2 2011 
080 |a 536  |2 2011 
080 |a (075.8)  |2 2011 
080 |a (076.5)  |2 2011 
100 1 |a Taraba, Bohumil  |4 aut  |9 11567 
245 1 0 |a Mechanika tekutín [a] termomechanika  |b zbierka príkladov  |c Bohumil Taraba, Mária Behúlová, Helena Kraváriková 
250 |a 1. vydanie 
260 |a V Bratislave  |b Slovenská technická univerzita  |c 2002 
300 |a 235 strán  |b schémy, tabuľky  |c 29 cm 
366 |e 1400 kusov 
490 1 |a Edícia učebníc 
504 |a Bibliografia na strane 233-234 ; použité symboly a označenia 
650 0 7 |a mechanika tekutín  |2 SNKPH  |9 3673 
650 0 7 |a termomechanika  |2 SNKPH  |9 3689 
655 7 |a učebnice vysokých škôl  |2 SNKPH  |9 70191 
655 7 |a praktické cvičenia  |2 SNKPH  |9 70517 
700 1 |a Behúlová, Mária,  |d 1963-  |4 aut  |9 224190 
700 1 |a Kraváriková, Helena,  |d 1959-  |4 aut  |9 230845 
810 2 |a Slovenská technická univerzita v Bratislave  |t Edícia učebníc  |9 301103 
919 |a 80-227-1729-0 
958 |a NB 
958 |a OND 
999 |c 556972  |d 558902 
952 |t P60, <03>, [BOOK], {603}  |a SNK  |b SNK  |y PREZ  |7 0  |p 17A0375023  |o snkSC 110773  |i snkKSP 2193/2003  |0 0  |1 0  |4 0  |d 2003-02-13  |f 1  |l 0  |r 2025-10-01 00:00:00  |w 2026-02-23 
952 |t P60, <04>, [BOOK], {604}  |a SNK  |b SNK  |y VYP  |7 0  |p 17A0375024  |o snkSC 110773 D1  |i snkKSP 2194/2003  |0 0  |1 0  |4 0  |d 2003-02-13  |l 0  |r 2005-01-02 00:00:00  |w 2026-02-23